[Event "Moscow Open D University Women"]
[Site "Moscow RUS"]
[Date "2011.02.03"]
[Round "6.9"]
[White "Imeeva, Aisa"]
[Black "Selifonova, Aleksandra"]
[Result "1-0"]
[WhiteElo "2043"]
[BlackElo "1843"]
[WhiteFideId "24116157"]
[BlackFideId "24115983"]
[EventDate "2011.01.29"]

1. e4 e5 2. Nf3 Nc6 3. Nc3 g6 4. Bc4 Bg7 5. O-O d6 6. d3 Nf6 7. h3 O-O 8. Be3 a6
9. Qd2 Na5 10. Bb3 Nxb3 11. axb3 Re8 12. Bg5 c6 13. Nh2 Qc7 14. f4 Nh5 15. fxe5
Bxe5 16. d4 Bg7 17. g4 Ng3 18. Rfe1 c5 19. Kg2 Nh5 20. gxh5 Qd7 21. Qd3 Bxd4 22.
Nd5 Ra7 23. c3 Bh8 24. Ng4 Re6 25. Ngf6+ Bxf6 26. Nxf6+ Rxf6 27. Bxf6 Qe6 28. e5
d5 29. Qg3 b5 30. hxg6 fxg6 31. Rad1 Bb7 32. Kh2 Bc8 33. Qg4 Qe8 34. e6 a5 1-0

[Event "Moscow Open D University Women"]
[Site "Moscow RUS"]
[Date "2011.02.04"]
[Round "7.1"]
[White "Dogodkina, Julia"]
[Black "Repina, Varvara"]
[Result "0-1"]
[BlackTitle "WFM"]
[WhiteElo "2070"]
[BlackElo "2280"]
[WhiteFideId "24143375"]
[BlackFideId "4194950"]
[EventDate "2011.01.29"]

1. e4 e5 2. Nf3 Nc6 3. Bb5 g6 4. d4 exd4 5. Bxc6 dxc6 6. Qxd4 Qxd4 7. Nxd4 Bg7
8. c3 Nf6 9. O-O Bd7 10. f3 c5 11. Nb3 b6 12. Bf4 O-O-O 13. Bg5 h6 14. Be3 a5
15. a4 Be6 16. N3d2 Rd3 17. Kf2 Rhd8 18. Ke2 Kb8 19. Na3 Bc8 20. Ndc4 Ba6 21.
Rfc1 Ne8 22. Bf4 g5 23. Be3 Nd6 24. Nxd6 R3xd6+ 25. Kf2 Be5 26. g3 Rd2+ 27. Bxd2
Rxd2+ 28. Kg1 Rxb2 29. Rc2 Rb3 30. Nb1 Bd3 31. Rc1 Rb2 32. Rd1 c4 33. Re1 Bd6
34. Kh1 Be2 35. Kg2 Bd1+ 36. Kf1 Bxf3 37. Na3 Rxh2 0-1

[Event "Moscow Open D University Women"]
[Site "Moscow RUS"]
[Date "2011.02.04"]
[Round "7.3"]
[White "Nikitina, Elena"]
[Black "Minina, Veronika"]
[Result "1-0"]
[WhiteTitle "WFM"]
[WhiteElo "2029"]
[BlackElo "2133"]
[WhiteFideId "24110949"]
[BlackFideId "4174780"]
[EventDate "2011.01.29"]

1. d4 Nf6 2. Nf3 g6 3. g3 Bg7 4. Bg2 O-O 5. O-O c6 6. c4 d6 7. Nc3 Qa5 8. e4 e5
9. dxe5 dxe5 10. Qc2 Bg4 11. Bd2 Nbd7 12. a3 Qc7 13. b4 Rfd8 14. Be3 Bxf3 15.
Bxf3 Nf8 16. c5 Ne6 17. Ne2 Nd4 18. Nxd4 exd4 19. Bf4 Qe7 20. Rad1 Nd7 21. Bd6
Qe6 22. Qe2 h5 23. Bg2 Be5 24. f4 Bxd6 25. cxd6 Qxd6 26. e5 Qe6 27. Rxd4 Nb6 28.
f5 gxf5 29. Rxd8+ Rxd8 30. Qxh5 Qg6 31. Qxf5 Qxf5 32. Rxf5 Nc4 33. a4 Rd2 34.
Rf2 Rd1+ 35. Rf1 Rd4 36. Re1 Nb2 37. b5 c5 38. a5 b6 39. axb6 axb6 40. e6 fxe6
41. Rxe6 Na4 42. Kf2 Rb4 43. Bf1 c4 44. Re4 Nb2 45. Re8+ Kg7 46. Rc8 Rxb5 47.
Bxc4 Nxc4 48. Rxc4 Rb2+ 49. Kg1 b5 50. Rc6 b4 51. h4 b3 52. Rb6 Kh7 53. g4 Rb1+
54. Kg2 Rb2+ 55. Kg3 Rb1 56. Kf4 Rh1 57. Kg5 Rh3 58. h5 1-0

[Event "Moscow Open D University Women"]
[Site "Moscow RUS"]
[Date "2011.02.04"]
[Round "7.4"]
[White "Zarivkina, Victorya"]
[Black "Grebennikova, Tatyana"]
[Result "0-1"]
[WhiteTitle "WFM"]
[WhiteElo "2084"]
[BlackElo "1981"]
[WhiteFideId "24107662"]
[BlackFideId "4102347"]
[EventDate "2011.01.29"]

1. e4 d5 2. Nc3 dxe4 3. Nxe4 Bf5 4. Ng3 Bg6 5. d4 e6 6. h4 h6 7. h5 Bh7 8. c3 c6
9. Bd3 Bxd3 10. Qxd3 Nf6 11. Bf4 Nd5 12. Bd2 Qc7 13. O-O-O Nd7 14. Kb1 O-O-O 15.
Nf3 N5f6 16. Qe2 Bd6 17. Nf1 c5 18. Ne3 Nb6 19. Nc4 Nxc4 20. Qxc4 cxd4 21. Qxc7+
Bxc7 22. Nxd4 Rd5 23. Be3 Rhd8 24. Kc2 Rxh5 25. Rxh5 Nxh5 26. Nb5 a6 27. Rh1 Nf6
28. Nxc7 Kxc7 29. Bd4 Ne8 30. Rh3 Rd5 31. f4 f6 32. Re3 Kd7 33. b4 Nd6 34. Bc5
b6 35. Bd4 Nf5 36. Rd3 Nxd4+ 37. cxd4 g5 38. fxg5 hxg5 39. Kc3 Rf5 40. Rd2 Kd6
41. a4 Kd5 42. Rd3 Rf2 43. Rg3 Ra2 44. Kb3 Rd2 45. Rf3 f5 46. g4 f4 47. a5 bxa5
48. bxa5 Kxd4 49. Rf1 Ke3 50. Re1+ Re2 51. Rc1 f3 52. Rc6 f2 53. Rxe6+ Kd2 0-1

[Event "Moscow Open D University Women"]
[Site "Moscow RUS"]
[Date "2011.02.04"]
[Round "7.6"]
[White "Chukhlantseva, Anna"]
[Black "Smirnova, Anastasia"]
[Result "0-1"]
[WhiteElo "1942"]
[BlackElo "2021"]
[WhiteFideId "4113594"]
[BlackFideId "4196520"]
[EventDate "2011.01.29"]

1. e4 e5 2. Nf3 Nc6 3. Bc4 Bc5 4. Nc3 Nf6 5. d3 h6 6. h3 a6 7. Qe2 d6 8. a3 Nd4
9. Nxd4 Bxd4 10. Be3 Bxe3 11. fxe3 c6 12. O-O Qe7 13. Rf2 Be6 14. d4 Bxc4 15.
Qxc4 O-O 16. d5 c5 17. a4 b6 18. Raf1 Nh5 19. Ne2 Qh4 20. Kh2 b5 21. axb5 axb5
22. Qxb5 Qxe4 23. Qd3 Qxd3 24. cxd3 Rab8 25. Nc3 Nf6 26. g4 Rb4 27. Rg2 Rfb8 28.
Rff2 e4 29. dxe4 Nxe4 30. Nxe4 Rxe4 31. Re2 Rb3 32. Rg3 Rd3 33. Kg2 Rxd5 34. Kf3
Rde5 35. Rg1 d5 36. Rc1 c4 37. Rd1 f5 38. Rdd2 Kf7 39. Rd1 g6 40. gxf5 Rxf5+ 41.
Kg3 Rg5+ 42. Kf3 Rf5+ 43. Kg3 Rfe5 44. Kf3 Ke6 45. Rg1 g5 46. Rge1 d4 0-1

[Event "Moscow Open D University Women"]
[Site "Moscow RUS"]
[Date "2011.02.04"]
[Round "7.7"]
[White "Fyodorova, Irina"]
[Black "Imeeva, Aisa"]
[Result "0-1"]
[WhiteElo "1951"]
[BlackElo "2043"]
[WhiteFideId "4116950"]
[BlackFideId "24116157"]
[EventDate "2011.01.29"]

1. e4 e5 2. Nf3 Nc6 3. Bc4 Bc5 4. O-O Nf6 5. d4 Bxd4 6. Nxd4 Nxd4 7. f4 d6 8.
fxe5 dxe5 9. Bg5 O-O 10. Na3 Be6 11. c3 Bxc4 12. Nxc4 Ne6 13. Bxf6 gxf6 14. Qxd8
Raxd8 15. Rxf6 Kg7 16. Rf5 f6 17. Raf1 Nc5 18. Re1 b5 19. Na3 c6 20. Re2 Kg6 21.
Rf1 Rd3 22. Nc2 a5 23. Ne1 Rd1 24. Nf3 Rfd8 25. g3 Rxf1+ 26. Kxf1 Rd1+ 27. Kg2
Nd3 28. Nh4+ Kf7 29. Nf5 Nc1 30. Rc2 a4 31. a3 Nd3 32. Kh3 Re1 33. c4 Kg6 34.
cxb5 cxb5 35. Nh4+ Kh6 36. Nf5+ Kg5 37. Nd6 Re3 38. Nf7+ Kh5 39. Kg2 Ne1+ 40.
Kf2 Nxc2 0-1

[Event "Moscow Open D University Women"]
[Site "Moscow RUS"]
[Date "2011.02.04"]
[Round "7.8"]
[White "Grabovets, Nadezhda"]
[Black "Bulatkhanova, Bika"]
[Result "0-1"]
[BlackTitle "WFM"]
[WhiteElo "1879"]
[BlackElo "1978"]
[WhiteFideId "24102164"]
[BlackFideId "24125628"]
[EventDate "2011.01.29"]

1. d4 c6 2. Nf3 g6 3. Bf4 Bg7 4. c3 Nf6 5. Qc1 h6 6. Nbd2 d5 7. e3 Nbd7 8. Bd3
Nh5 9. Nb3 Nxf4 10. exf4 Nf6 11. Ne5 O-O 12. Qc2 Qc7 13. f3 Nh5 14. Qd2 b6 15.
g4 Nf6 16. Qf2 Nd7 17. Rc1 Nxe5 18. fxe5 f6 19. exf6 Rxf6 20. Qg2 e5 21. O-O
exd4 22. Nxd4 Qf4 23. Rce1 Bd7 24. Bb1 c5 25. Nb3 Bb5 26. Rf2 Raf8 27. h4 g5 28.
h5 Bd7 29. Ref1 Rd6 30. Qh2 Be5 31. Qxf4 Bxf4 32. Rc2 Rdf6 33. Kg2 Be3 34. Re2
d4 35. cxd4 cxd4 36. Bd3 Bxg4 37. Be4 Bxh5 38. Rd1 g4 39. Nxd4 Bxd4 40. Bd5+ Kh8 0-1

[Event "Moscow Open D University Women"]
[Site "Moscow RUS"]
[Date "2011.02.04"]
[Round "7.9"]
[White "Velichko, Tatiana"]
[Black "Forova, Tatiana"]
[Result "1/2-1/2"]
[WhiteElo "1861"]
[BlackElo "1912"]
[WhiteFideId "24150070"]
[BlackFideId "24117765"]
[EventDate "2011.01.29"]

1. e4 c5 2. Nf3 Nc6 3. d4 cxd4 4. Nxd4 e5 5. Nb5 d6 6. a4 Be7 7. N1c3 a6 8. Na3
Be6 9. Bc4 Nf6 10. Bg5 O-O 11. Bxf6 Bxf6 12. Nd5 Bg5 13. O-O Kh8 14. Kh1 f5 15.
exf5 Rxf5 16. c3 Rc8 17. Nb6 Bxc4 18. Naxc4 Rb8 19. Qxd6 Qe8 20. Rad1 Rd8 21.
Qc5 Rxd1 22. Rxd1 Qh5 23. Re1 Bf4 24. h3 e4 25. Nd5 Bb8 26. Ncb6 Qf7 27. Rxe4
Ba7 28. c4 h6 29. Kg1 Qg6 30. Qe3 Rg5 31. g3 Nb4 32. Re8+ Kh7 33. a5 Nxd5 34.
cxd5 Rxd5 35. Qb3 Bxb6 36. axb6 Qxe8 37. Qxd5 Qe7 38. Kh2 Kh8 39. Qd4 Qe2 40.
Kg2 Kh7 41. Qe3 Qc4 42. Qf3 Qc8 43. Qd5 Kh8 44. Qd6 Qe8 45. Qd5 Qe7 46. h4 Kh7
47. Kh3 Kh8 1/2-1/2

[Event "Moscow Open D University Women"]
[Site "Moscow RUS"]
[Date "2011.02.04"]
[Round "7.10"]
[White "Selifonova, Aleksandra"]
[Black "Niks, Yana"]
[Result "0-1"]
[WhiteElo "1843"]
[BlackElo "1878"]
[WhiteFideId "24115983"]
[BlackFideId "24117943"]
[EventDate "2011.01.29"]

1. e4 e5 2. Nf3 Nc6 3. Bc4 Bc5 4. c3 Nf6 5. d4 exd4 6. e5 d5 7. Bb5 Nd7 8. cxd4
Bb4+ 9. Nc3 Ne7 10. a3 Ba5 11. b4 Bb6 12. O-O c6 13. Bd3 Nf8 14. h3 h6 15. Qc2
Bd7 16. a4 a5 17. b5 Ne6 18. bxc6 Bxc6 19. Be3 O-O 20. Rab1 f5 21. exf6 Rxf6 22.
Ne2 Bc7 23. Ne5 Qe8 24. Nxc6 bxc6 25. Rfe1 Rb8 26. Rxb8 Qxb8 27. Qd2 Qa7 28. Bc2
Bb6 29. Rd1 Rf8 30. Ng3 Bc7 31. Ne2 Bb6 32. Nf4 Nxf4 33. Bxf4 Nf5 34. Be5 Bc7
35. Qf4 Bxe5 36. Qxe5 Qe7 37. Qxe7 Nxe7 38. g4 Rb8 39. Rb1 Rxb1+ 40. Bxb1 Kf7
41. f4 Nc8 42. Kf2 Nb6 43. Bc2 Kf6 44. Bb3 Ke6 45. h4 h5 46. g5 Nc4 47. Bc2 Nd6
48. Ke3 Nf5+ 49. Kd3 Nxh4 50. Ke2 Nf5 51. Kd3 h4 52. Bd1 h3 53. Bf3 h2 0-1

[Event "Moscow Open D University Women"]
[Site "Moscow RUS"]
[Date "2011.02.04"]
[Round "7.11"]
[White "Dibirova, Umayganat"]
[Black "Ektova, Elena"]
[Result "1-0"]
[WhiteElo "1871"]
[BlackElo "1806"]
[WhiteFideId "4138503"]
[BlackFideId "24124419"]
[EventDate "2011.01.29"]

1. e4 c6 2. d4 d5 3. Nd2 dxe4 4. Nxe4 Bf5 5. Ng3 Bg6 6. h4 h6 7. h5 Bh7 8. Nf3
e6 9. Bd3 Bxd3 10. Qxd3 Nd7 11. Bd2 Ngf6 12. c4 c5 13. d5 exd5 14. O-O-O dxc4
15. Qe2+ Be7 16. Nf5 Kf8 17. Bc3 Qe8 18. Rhe1 b5 19. Nxe7 b4 20. Bxf6 gxf6 21.
Qxc4 Nb6 22. Qxc5 Qa4 23. Nf5+ Kg8 24. Nd6 Qxa2 25. Re8+ Rxe8 26. Nxe8 Qa1+ 27.
Kd2 Qxb2+ 28. Ke1 Na4 29. Qd4 Qc3+ 30. Kf1 Qxd4 31. Nxd4 Kf8 32. Nxf6 Kg7 33.
Ne4 Nc3 34. Nf5+ 1-0

[Event "Moscow Open D University Women"]
[Site "Moscow RUS"]
[Date "2011.02.05"]
[Round "8.1"]
[White "Nikitina, Elena"]
[Black "Vasilevich, Irina"]
[Result "1-0"]
[WhiteTitle "WFM"]
[BlackTitle "IM"]
[WhiteElo "2029"]
[BlackElo "2327"]
[WhiteFideId "24110949"]
[BlackFideId "4141296"]
[EventDate "2011.01.29"]

1. d4 e6 2. Nf3 c5 3. e3 Nf6 4. c4 Be7 5. Nc3 O-O 6. Be2 a6 7. O-O cxd4 8. exd4
d6 9. b4 a5 10. b5 Nbd7 11. Ba3 b6 12. Nd2 Ra7 13. Nde4 Qc7 14. Rc1 Qb8 15.
Nxf6+ Nxf6 16. Na4 Rd8 17. Qb3 Ne4 18. Rc2 f5 19. f3 Nf6 20. c5 dxc5 21. dxc5
bxc5 22. b6 Rad7 23. Bxc5 Nd5 24. Bb5 Bd6 25. g3 Rf7 26. Bc6 Nb4 27. Bxb4 axb4
28. Qc4 Bf8 29. Qb5 Bb7 30. Bxb7 Rxb7 31. Rfc1 Rbd7 32. Nc5 Qe5 33. Re2 Rd1+ 34.
Kg2 R1d2 35. Kf1 Rd1+ 36. Kg2 R1d2 37. Kf1 Rd1+ 38. Kg2 R1d2 39. Kf1 Qb2 40.
Rce1 Qc3 41. Nxe6 Rxe2 42. Qxe2 Rd2 43. Qe3 Rd3 44. Qc1 Rxf3+ 45. Kg2 Bd6 46.
Ng5 Qxc1 47. Rxc1 Rc3 48. Rd1 1-0

[Event "Moscow Open D University Women"]
[Site "Moscow RUS"]
[Date "2011.02.05"]
[Round "8.2"]
[White "Repina, Varvara"]
[Black "Smirnova, Anastasia"]
[Result "0-1"]
[WhiteTitle "WFM"]
[WhiteElo "2280"]
[BlackElo "2021"]
[WhiteFideId "4194950"]
[BlackFideId "4196520"]
[EventDate "2011.01.29"]

1. e4 e5 2. Nf3 Nc6 3. Bb5 Nf6 4. O-O d6 5. Re1 Be7 6. c3 O-O 7. h3 Bd7 8. a4 h6
9. d4 Nh7 10. Be3 Ng5 11. Nbd2 Re8 12. Qc2 Bf6 13. d5 Ne7 14. Bxd7 Qxd7 15. Nh2
Ng6 16. Ndf1 Nh4 17. Ng4 Kh8 18. Ng3 Be7 19. a5 Rf8 20. a6 b6 21. Nf5 Nhf3+ 22.
gxf3 Nxf3+ 23. Kg2 Nxe1+ 24. Rxe1 h5 25. Nh2 g6 26. Nxe7 Qxe7 27. f4 f5 28. Nf3
h4 29. fxe5 dxe5 30. Nxe5 Kh7 31. Nf3 fxe4 32. Ng5+ Kg8 33. Qb3 Qd6 34. Nxe4 Qe5
35. d6+ Rf7 36. Bd4 Qf4 37. Qe6 Kf8 38. dxc7 Qf3+ 39. Kg1 Rxc7 40. Rf1 0-1

[Event "Moscow Open D University Women"]
[Site "Moscow RUS"]
[Date "2011.02.05"]
[Round "8.3"]
[White "Grebennikova, Tatyana"]
[Black "Dogodkina, Julia"]
[Result "1/2-1/2"]
[WhiteElo "1981"]
[BlackElo "2070"]
[WhiteFideId "4102347"]
[BlackFideId "24143375"]
[EventDate "2011.01.29"]

1. c4 e5 2. Nc3 d6 3. g3 f5 4. d3 Nf6 5. Bg2 c6 6. Nf3 Nbd7 7. O-O a5 8. Rb1 g6
9. e4 fxe4 10. dxe4 Nc5 11. Be3 Qc7 12. Ne1 Be6 13. b3 Ng4 14. Bc1 h5 15. Nd3 h4
16. h3 hxg3 17. hxg4 Qh7 18. fxg3 Be7 19. Rf2 O-O-O 20. Rfb2 Qh2+ 21. Kf1 Rh7
22. Nxc5 dxc5 23. Rd2 Rdh8 24. Rd3 Kc7 25. a4 Rh3 26. Bb2 Rxg3 27. Nb5+ Kb6 28.
Rxg3 Qxg3 29. Qf3 Qxf3+ 30. Bxf3 cxb5 31. Bxe5 Rf8 32. Ke2 1/2-1/2

[Event "Moscow Open D University Women"]
[Site "Moscow RUS"]
[Date "2011.02.05"]
[Round "8.4"]
[White "Matveeva, Olga"]
[Black "Lysenko, Maria"]
[Result "1/2-1/2"]
[WhiteTitle "WFM"]
[WhiteElo "2215"]
[BlackElo "2006"]
[WhiteFideId "24107018"]
[BlackFideId "24122084"]
[EventDate "2011.01.29"]

1. d4 Nf6 2. c4 e6 3. Nc3 Bb4 4. e3 O-O 5. Bd3 Bxc3+ 6. bxc3 d6 7. Nf3 Nbd7 8.
O-O Re8 9. e4 e5 10. Qc2 Nf8 11. c5 Bg4 12. cxd6 cxd6 13. Ne1 Rc8 14. f3 Bd7 15.
Qb3 Qc7 16. Bd2 Ne6 17. Nc2 b5 18. Rfc1 Qb6 19. Be3 Qa5 20. Nb4 Rc7 21. g4 h6
22. h4 g5 23. hxg5 hxg5 24. Qb2 Rec8 25. dxe5 dxe5 26. Qd2 Kf8 27. Bxg5 Nxg5 28.
Qxg5 Qb6+ 29. Kg2 a5 30. Qh6+ Ke7 31. Qxf6+ Qxf6 32. Nd5+ Ke6 33. Nxf6 Kxf6 34.
Rcb1 Rxc3 35. Bxb5 Bxb5 36. Rxb5 Ra3 37. Rb6+ Kg7 38. Rb2 Rcc3 39. Rf2 Kg6 40.
Rb1 Kg5 41. Rb8 Rc1 42. Re8 Kf6 43. g5+ Kg6 44. Rxe5 Ra1 45. Kg3 R3xa2 46. Rxa2
Rxa2 47. Kf4 a4 48. Ra5 a3 49. Ra6+ Kg7 50. Kf5 Ra1 51. g6 a2 52. gxf7 Rf1 53.
f8=Q+ Kxf8 54. Rxa2 Rxf3+ 55. Ke6 Rb3 56. Ra8+ Kg7 57. Ra7+ Kf8 58. e5 Rb6+ 59.
Kf5 Ke8 60. Rg7 Kf8 61. Rh7 Ke8 62. Ra7 Kf8 63. e6 Rb1 64. Kf6 Rf1+ 65. Ke5 Re1+ 1/2-1/2

[Event "Moscow Open D University Women"]
[Site "Moscow RUS"]
[Date "2011.02.05"]
[Round "8.7"]
[White "Bulatkhanova, Bika"]
[Black "Zarivkina, Victorya"]
[Result "1/2-1/2"]
[WhiteTitle "WFM"]
[BlackTitle "WFM"]
[WhiteElo "1978"]
[BlackElo "2084"]
[WhiteFideId "24125628"]
[BlackFideId "24107662"]
[EventDate "2011.01.29"]

1. e4 c5 2. c4 Nc6 3. Nc3 g6 4. g4 Bg7 5. Bg2 d6 6. h3 e6 7. Nge2 Nge7 8. d3 b6
9. Be3 Bb7 10. Qd2 h6 11. f4 Qd7 12. a3 Nd4 13. Rb1 Nxe2 14. Nxe2 d5 15. b4 cxb4
16. axb4 O-O 17. cxd5 exd5 18. e5 d4 19. Nxd4 Bxg2 20. Qxg2 Nd5 21. Qf2 Rfd8 22.
Ne2 Nxe3 23. Qxe3 Qxd3 24. Kf2 g5 25. Rhd1 Qxe3+ 26. Kxe3 Rxd1 27. Rxd1 Re8 28.
Rd5 f6 29. Ng3 gxf4+ 30. Kxf4 fxe5+ 31. Ke4 Rc8 32. Nf5 Rc4+ 33. Kd3 Rc7 34.
Nxg7 Kxg7 35. Rxe5 Kf6 36. Rf5+ Kg6 37. Re5 1/2-1/2

[Event "Moscow Open D University Women"]
[Site "Moscow RUS"]
[Date "2011.02.05"]
[Round "8.8"]
[White "Niks, Yana"]
[Black "Velichko, Tatiana"]
[Result "1/2-1/2"]
[WhiteElo "1878"]
[BlackElo "1861"]
[WhiteFideId "24117943"]
[BlackFideId "24150070"]
[EventDate "2011.01.29"]

1. e4 c5 2. Nf3 d6 3. d4 cxd4 4. Nxd4 Nf6 5. Nc3 g6 6. Be3 Bg7 7. f3 O-O 8. Qd2
Nc6 9. O-O-O Nxd4 10. Bxd4 Be6 11. Kb1 Qc7 12. g4 Rfc8 13. h4 Qa5 14. Nd5 Qxd2
15. Rxd2 Bxd5 16. exd5 Nd7 17. Bxg7 Kxg7 18. Bg2 Rc7 19. Re1 Nf6 20. b3 b5 21.
Bf1 a6 22. Kb2 Kf8 23. Rc1 Rc5 24. c4 Rac8 25. Rdc2 bxc4 26. Rxc4 Nxd5 27. Rxc5
Rxc5 28. Rxc5 dxc5 29. Bxa6 Ke8 30. a4 Kd7 31. Bc4 e6 32. Kc2 Kc6 33. Kd3 g5 34.
a5 h6 35. Kd2 f5 36. hxg5 hxg5 37. Ke2 Nc7 38. Bd3 fxg4 39. fxg4 Ne8 40. Ke3 Nd6
41. Kd2 e5 42. Be2 Ne4+ 43. Kc2 Nd6 44. Kb2 Nb5 45. Bf1 Nd6 46. Ka2 Nb5 47. Bg2+
Kc7 48. b4 e4 49. bxc5 e3 50. Bf1 e2 51. Bxe2 Nc3+ 52. Kb3 Nxe2 53. Kc4 Kc6 54.
a6 Nf4 55. Kd4 Ne6+ 56. Ke5 Nxc5 57. Kf5 Nxa6 58. Kxg5 Nc5 59. Kf6 Kd6 60. g5 1/2-1/2

[Event "Moscow Open D University Women"]
[Site "Moscow RUS"]
[Date "2011.02.05"]
[Round "8.9"]
[White "Forova, Tatiana"]
[Black "Fyodorova, Irina"]
[Result "1-0"]
[WhiteElo "1912"]
[BlackElo "1951"]
[WhiteFideId "24117765"]
[BlackFideId "4116950"]
[EventDate "2011.01.29"]

1. f4 d5 2. Nf3 Nf6 3. g3 c5 4. Bg2 Nc6 5. O-O g6 6. d3 Bg7 7. c3 O-O 8. Na3 Re8
9. Ne5 Bf5 10. h3 h5 11. Qe1 Qc8 12. Kh2 Rd8 13. e4 dxe4 14. dxe4 Bd7 15. Be3 b6
16. Qf2 Be8 17. Nec4 Rb8 18. Nd2 e6 19. e5 Nd5 20. Ne4 a6 21. Rad1 f6 22. exf6
Nxf6 23. Ng5 Nd5 24. Bc1 Nde7 25. Nc4 Nd5 26. Ne3 Nce7 27. g4 b5 28. Rfe1 Rb6
29. Be4 Rbd6 30. Qf3 Qc7 31. Nxd5 exd5 32. Bc2 Qd7 33. gxh5 gxh5 34. Qe3 Nf5 35.
Qxc5 Bg6 36. Bb3 Ne7 37. Qe3 Nf5 38. Qe2 Re8 39. Qf2 Rd8 40. Re2 Kh8 41. Rde1 b4
42. Ne6 Rg8 43. cxb4 Bf6 44. Ng5 Nd4 45. Re3 Rf8 46. Nf3 Bg7 47. Re7 Nxf3+ 48.
Qxf3 Qd8 49. R7e6 Bf7 50. Re7 Bf6 51. R7e2 Bh4 52. Rd1 Rg8 53. f5 Rg3 54. Qf4
Rg7 55. Kh1 Bg3 56. Qd4 Bh4 57. Bf4 Bf6 58. Be5 Bxe5 59. Qxe5 Kh7 60. Bc2 Rf6
61. Be4 Qb6 62. Bxd5 Rd6 63. Red2 Qxb4 64. f6 Rg6 65. Qxh5+ Kg8 66. Qxg6+ Kf8
67. Qxf7# 1-0

[Event "Moscow Open D University Women"]
[Site "Moscow RUS"]
[Date "2011.02.05"]
[Round "8.10"]
[White "Grabovets, Nadezhda"]
[Black "Dibirova, Umayganat"]
[Result "1/2-1/2"]
[WhiteElo "1879"]
[BlackElo "1871"]
[WhiteFideId "24102164"]
[BlackFideId "4138503"]
[EventDate "2011.01.29"]

1. d4 d5 2. c4 c6 3. Nf3 e6 4. e3 Nf6 5. Bd3 dxc4 6. Bxc4 b5 7. Bd3 Nbd7 8. O-O
a6 9. Nc3 c5 10. b3 Be7 11. Bb2 Bb7 12. Rc1 O-O 13. Bb1 Qb6 14. dxc5 Nxc5 15. b4
Ncd7 16. a3 Rfd8 17. Qe2 Bxf3 18. gxf3 Ne5 19. Rfd1 Ng6 20. Ne4 Rac8 21. Rxd8+
Qxd8 22. Rxc8 Qxc8 23. Qc2 Qb7 24. Nxf6+ Bxf6 25. Bxf6 gxf6 26. Qe4 Qc8 27. Qc2
Qxc2 28. Bxc2 Ne5 29. Be4 Nc4 30. Bb7 Nxa3 31. Bxa6 Kf8 32. Bb7 Nc2 33. Bc6 Nxb4
34. Bxb5 Nd5 35. Bd3 f5 36. f4 Kg7 37. Be2 Kg6 38. Bf3 Nf6 1/2-1/2

[Event "Moscow Open D University Women"]
[Site "Moscow RUS"]
[Date "2011.02.05"]
[Round "8.11"]
[White "Ektova, Elena"]
[Black "Selifonova, Aleksandra"]
[Result "0-1"]
[WhiteElo "1806"]
[BlackElo "1843"]
[WhiteFideId "24124419"]
[BlackFideId "24115983"]
[EventDate "2011.01.29"]

1. c4 e6 2. Nc3 d5 3. d4 Nf6 4. cxd5 exd5 5. Bg5 Be7 6. e3 O-O 7. Bd3 c6 8. Nge2
Nbd7 9. O-O Re8 10. Qc2 Nf8 11. a3 Ne4 12. Nxe4 Bxg5 13. Nc5 g6 14. b4 Ne6 15.
Rab1 Nc7 16. a4 b6 17. Nb3 Bb7 18. Rfc1 Rc8 19. Nc3 Be7 20. Nd2 Na6 21. Bxa6
Bxa6 22. b5 Bb7 23. bxc6 Bxc6 24. Qb2 Bd6 25. Nb5 Bb8 26. Qb3 Qd7 27. Nf3 Kg7
28. Ne1 h5 29. Nd3 h4 30. h3 g5 31. Qd1 Kh6 32. Qd2 f6 33. f4 g4 34. Kh2 Qg7 35.
Qe1 g3+ 36. Kg1 Qe7 37. Nb4 Bb7 38. Rxc8 Rxc8 39. Qd2 Re8 40. Nc2 Bc8 41. Nc3
Be6 42. f5 Bf7 43. Rb5 Kg7 44. Nxd5 Qd7 45. Nc3 Bc4 46. Rb4 Ba6 47. e4 Bb7 48.
d5 Qc8 49. Qe3 Bxd5 50. Qf3 Bf7 51. Qg4+ Kf8 52. Qf3 Be5 53. Nd4 Qc5 54. Qe3
Qxb4 55. Qh6+ Kg8 56. Ne6 Bxe6 57. fxe6 Qd4+ 58. Kh1 Rxe6 0-1

[Event "Moscow Open D University Women"]
[Site "Moscow RUS"]
[Date "2011.02.06"]
[Round "9.1"]
[White "Repina, Varvara"]
[Black "Nikitina, Elena"]
[Result "1-0"]
[WhiteTitle "WFM"]
[BlackTitle "WFM"]
[WhiteElo "2280"]
[BlackElo "2029"]
[WhiteFideId "4194950"]
[BlackFideId "24110949"]
[EventDate "2011.01.29"]

1. e4 d5 2. exd5 Qxd5 3. Nf3 Bg4 4. Be2 Nc6 5. d4 O-O-O 6. Be3 Nf6 7. h3 Bxf3 8.
Bxf3 Qd6 9. c3 e5 10. Qb3 Nd5 11. O-O Nxe3 12. fxe3 exd4 13. cxd4 f6 14. Nc3 a6
15. Rac1 Na5 16. Qa4 Qb4 17. Qc2 Kb8 18. Nd5 Qd6 19. Nxc7 Be7 20. b4 Rc8 21.
bxa5 Rxc7 22. Qe4 Rhc8 23. Rc4 Qd7 24. Bg4 1-0

[Event "Moscow Open D University Women"]
[Site "Moscow RUS"]
[Date "2011.02.06"]
[Round "9.3"]
[White "Yarullina, Alina"]
[Black "Dogodkina, Julia"]
[Result "1/2-1/2"]
[WhiteElo "2047"]
[BlackElo "2070"]
[WhiteFideId "24113875"]
[BlackFideId "24143375"]
[EventDate "2011.01.29"]

1. e4 e6 2. d4 d5 3. Nd2 b6 4. Bd3 Bb7 5. Ne2 Nc6 6. c3 dxe4 7. Nxe4 Qd7 8. O-O
h6 9. Re1 O-O-O 10. b4 f5 11. Nd2 Ne5 12. Bc2 Ng6 13. Ng3 Nh4 14. f3 Nf6 15. Qe2
Nd5 16. Qxe6 Qxe6 17. Rxe6 Nf4 18. Re1 1/2-1/2

[Event "Moscow Open D University Women"]
[Site "Moscow RUS"]
[Date "2011.02.06"]
[Round "9.4"]
[White "Matveeva, Olga"]
[Black "Grebennikova, Tatyana"]
[Result "1/2-1/2"]
[WhiteTitle "WFM"]
[WhiteElo "2215"]
[BlackElo "1981"]
[WhiteFideId "24107018"]
[BlackFideId "4102347"]
[EventDate "2011.01.29"]

1. d4 Nf6 2. c4 d6 3. Nf3 Nbd7 4. Nc3 e5 5. e3 c6 6. Bd3 Qc7 7. Qc2 g6 8. b3 Bg7
9. Ba3 a6 10. O-O exd4 11. exd4 O-O 12. Rfe1 Re8 13. Rxe8+ Nxe8 14. Re1 Ndf6 15.
d5 c5 16. Bb2 Bg4 17. Ng5 Rd8 18. h3 Bc8 19. Qe2 h6 20. Nf3 Qd7 21. Na4 Qc7 22.
Qe7 Qxe7 23. Rxe7 Kf8 24. Re1 Nd7 25. Bxg7+ Kxg7 26. g4 Nc7 27. Kg2 Re8 28. Rxe8
Nxe8 29. Kg3 Kf6 30. h4 Ke7 31. Kf4 Ndf6 32. Nh2 Nd7 33. Bf1 Nc7 34. Nf3 b5 35.
Nc3 Nb6 36. Nd2 1/2-1/2